000 00326nam a2200145 i 4500
001 bg
100 1 _aWEISZ, Paul B.
245 0 _aBiologia ogólna /
_cB. Paul Weisz.
250 _aWyd.2 zmien.
260 _aWarszawa,
_c1977.
040 _cBPK
041 _apol
942 _cKS
008 s pl f |000 0 pol
999 _c18233
_d18233
856 _uhttp://koha.tu.koszalin.pl/cgi-bin/koha/opac-detail.pl?biblionumber=18233
_yKatalog online BPK